Security Markets Stochastic Models

Guardado en:
Detalles Bibliográficos
Autor principal: Duffie, Darrell
Formato: Libro
Lenguaje:inglés
Publicado: San Diego Academic Press 1988
Edición:1. ed.
Colección:Economic Theory, Econometrics, and Mathematical Economics
Materias:
Etiquetas: Agregar Etiqueta
Sin Etiquetas, Sea el primero en etiquetar este registro!

MARC

LEADER 00000nam a2200000 4500
001 c013551
005 20221206134905.5
020 |a 0-12-223345-X 
041 0 |a eng 
044 |a US 
245 1 0 |a Security Markets  |b Stochastic Models  |c Darrell Duffie 
250 |a 1. ed. 
264 1 |a San Diego  |b Academic Press  |c 1988 
300 |a 358 s. 
490 1 |a Economic Theory, Econometrics, and Mathematical Economics 
830 0 |a Economic Theory, Econometrics, and Mathematical Economics 
610 2 0 |a papiere cenné 
610 2 0 |a trh finančný 
610 2 0 |a modely matematické 
100 1 |a Duffie, Darrell